[Event "Mem Vinas 15th A"]
[Site "Mataro"]
[Date "2019.06.29"]
[Round "8.9"]
[White "Garcia Payas, Alex"]
[Black "Gabanach Fernandez, Victor"]
[Result "1-0"]
[WhiteElo "1832"]
[BlackElo "1468"]
[PlyCount "59"]
[EventDate "2019.05.04"]
[EventType "swiss"]
[EventRounds "8"]
[EventCountry "ESP"]
[SourceTitle "EXT 2024"]
[Source "ChessBase"]
[SourceDate "2023.10.10"]
[SourceVersion "1"]
[SourceVersionDate "2023.10.10"]
[SourceQuality "1"]

1. Nf3 c5 2. c4 e6 3. g3 Nc6 4. Bg2 g6 5. 0-0 Bg7 6. Nc3 Nge7 7. d3 d5 8. cxd5 exd5 9. Bf4 0-0 10. Rc1 b6 11. a3 Bg4 12. h3 Be6 13. Ng5 h6 14. Nxe6 fxe6 15. e4 d4 16. Ne2 e5 17. Bd2 g5 18. Qa4 a5 19. f4 gxf4 20. gxf4 Qc7 21. f5 Kh7 22. Ng3 Bf6 23. Qd1 Rg8 24. Kh2 Nc8 25. Nh5 Qf7 26. Bf3 Nd6 27. Qe2 Ne8 28. Rg1 Ng7 29. Nxf6+ Qxf6 30. Rg6 1-0

[Event "Maresme op 15th"]
[Site "Maresme"]
[Date "2018.10.20"]
[Round "3"]
[White "Gracia Vila, Frederic"]
[Black "Gabanach Fernandez, Victor"]
[Result "1-0"]
[WhiteElo "1561"]
[BlackElo "1340"]
[PlyCount "75"]
[EventDate "2018.09.29"]
[EventType "swiss"]
[EventRounds "9"]
[EventCountry "ESP"]
[SourceTitle "EXT 2020"]
[Source "ChessBase"]
[SourceDate "2019.10.17"]
[SourceVersion "1"]
[SourceVersionDate "2019.10.17"]
[SourceQuality "1"]

1. Nf3 c5 2. c4 d6 3. g3 g6 4. Bg2 Bg7 5. Nc3 Nf6 6. 0-0 0-0 7. d3 Nc6 8. Bd2 Bd7 9. Rb1 Rb8 10. Ne1 Qc8 11. Nc2 Bh3 12. a3 Bxg2 13. Kxg2 Ne5 14. b4 h5 15. Bg5 Qg4 16. f4 Ned7 17. Ne3 Qe6 18. f5 gxf5 19. Nxf5 Ng4 20. Nxe7+ Kh8 21. Ned5 Nb6 22. Qd2 Bd4 23. Rf3 f6 24. Bf4 Bxc3 25. Nxc3 Rfe8 26. h3 Ne5 27. Bxe5 Qxe5 28. Qh6+ Kg8 29. Ne4 Re6 30. Nxf6+ Rxf6 31. Qxf6 Qxf6 32. Rxf6 Re8 33. e4 Rd8 34. Rbf1 Na4 35. Rh6 Kg7 36. Rxh5 Nb2 37. Rf3 Kg6 38. Rd5 1-0

[Event "Maresme op 14th"]
[Site "Maresme"]
[Date "2017.10.07"]
[Round "2"]
[White "Mancha Cerezuela, Sergio"]
[Black "Gabanach Fernandez, Victor"]
[Result "1-0"]
[WhiteElo "1508"]
[BlackElo "1303"]
[PlyCount "103"]
[EventDate "2017.09.30"]
[EventType "swiss"]
[EventRounds "9"]
[EventCountry "ESP"]
[SourceTitle "CBM 181 Extra"]
[Source "ChessBase"]
[SourceDate "2017.12.12"]
[SourceVersion "1"]
[SourceVersionDate "2017.12.12"]
[SourceQuality "1"]

1. e4 c5 2. Nf3 Nc6 3. d4 cxd4 4. Nxd4 e5 5. Nf3 Nf6 6. Bg5 Be7 7. Nc3 0-0 8. Bc4 d6 9. 0-0 Be6 10. Nd5 Nxe4 11. Bxe7 Nxe7 12. Nxe7+ Qxe7 13. Bd3 f5 14. Nd2 Bd5 15. f3 Nc5 16. Bc4 Bxc4 17. Nxc4 Rad8 18. b4 d5 19. Nxe5 Qxe5 20. bxc5 d4 21. Rb1 Qxc5 22. Qd3 Rfe8 23. Rfe1 Qa5 24. Qc4+ Kf8 25. Rxe8+ Rxe8 26. h3 Re1+ 27. Rxe1 Qxe1+ 28. Kh2 Qe5+ 29. Kh1 Qe1+ 30. Kh2 Qc3 31. Qxc3 dxc3 32. Kg3 a5 33. Kf4 g6 34. Ke3 Kf7 35. Kd4 Kf6 36. Kxc3 h5 37. Kd3 Ke5 38. g3 g5 39. Ke3 f4+ 40. gxf4+ gxf4+ 41. Kd3 Kf5 42. h4 Ke6 43. Kd4 Kf5 44. Kd5 b6 45. c4 a4 46. Kc6 Ke5 47. Kxb6 Kd4 48. c5 Kc3 49. c6 Kb2 50. c7 Kxa2 51. c8Q a3 52. Qc2+ 1-0

[Event "Maresme op 14th"]
[Site "Maresme"]
[Date "2017.09.30"]
[Round "1"]
[White "Gabanach Fernandez, Victor"]
[Black "Gonzalez Moreno, Antoni"]
[Result "0-1"]
[WhiteElo "1303"]
[BlackElo "1691"]
[PlyCount "68"]
[EventDate "2017.09.30"]
[EventType "swiss"]
[EventRounds "9"]
[EventCountry "ESP"]
[SourceTitle "CBM 181 Extra"]
[Source "ChessBase"]
[SourceDate "2017.12.12"]
[SourceVersion "1"]
[SourceVersionDate "2017.12.12"]
[SourceQuality "1"]

1. e4 c6 2. d4 d5 3. Nc3 dxe4 4. Nxe4 Bf5 5. Ng3 Bg6 6. Nf3 Nf6 7. Bd3 e6 8. Bg5 Be7 9. 0-0 Nbd7 10. c4 Qc7 11. Qd2 Bxd3 12. Qxd3 0-0 13. Nh5 Rfe8 14. Bf4 Bd6 15. Nxf6+ Nxf6 16. Bg3 Bxg3 17. fxg3 Rad8 18. Ng5 h6 19. Rxf6 hxg5 20. Rf3 e5 21. Qf5 exd4 22. Qxg5 d3 23. Rd1 Qb6+ 24. Kh1 d2 25. Rff1 Qxb2 26. a3 Qc2 27. Qh5 Qxc4 28. Kg1 Qd4+ 29. Kh1 Qd5 30. Qh4 Re2 31. Qh3 Rde8 32. g4 R8e3 33. Rf3 Re1+ 34. Rxe1 dxe1Q+ 0-1